000 00365nam a2200133Ia 4500
005 20260328101506.0
008 260328s9999||||xx |||||||||||||| ||und||
100 _aMuseo de Arte de Sao Paulo, Brasil
245 0 _aNeutra :
_b Residences /
_cBrasil Museo de Arte de Sao Paulo
260 _bTodtmann & Cia
300 _a71 p.
650 _aNeutra, Richard
942 _cBK
999 _c9036
_d9036